000 00443nam a2200181Ia 4500
003 OSt
005 20230926142414.0
008 210210b1995 xxu||||| |||| 00| 0 eng d
040 _cAL
041 _aeng
082 _a383/183 RAMM
100 _aRAMAN (B S)
_972365
245 _aMarketing and salesmanship
260 _aMangalore
_bUnited Publishers
_c1995
690 _aMarketing Management
_972366
906 _a049527
942 _2ddc
_cBK
999 _c122194
_d122194